| 000 | 01028nam a2200313 i 4500 | ||
|---|---|---|---|
| 999 |
_c200448838 _d67050 |
||
| 003 | TR-AnTOB | ||
| 005 | 20220524102341.0 | ||
| 007 | ta | ||
| 008 | 220524s2012 tu a r 000 0 tur d | ||
| 020 | _a9789755614144 | ||
| 040 |
_aTR-AnTOB _btur _erda _cTR-AnTOB |
||
| 041 | 0 | _atur | |
| 044 | _ctu | ||
| 050 | 0 | 0 | _aLF5250.I88 |
| 090 | 0 | 0 |
_aLF5250.I88 _bT87 2012 |
| 245 | 0 | 0 |
_aTürkiye’nin dünya üniversitesi : _bİTÜ 2008-2012 / _ceditörler, Nil Türkeri [and four others] ; metin yazarı İzzeddin Çalışlar. |
| 264 | 1 |
_aİstanbul : _bİTÜ, _c2012. |
|
| 300 |
_a168 pages : _bcolor illustrations ; _c31 cm. |
||
| 336 |
_ametin _btxt _2rdacontent |
||
| 337 |
_aaracısız _bn _2rdamedia |
||
| 338 |
_acilt _bnc _2rdacarrier |
||
| 490 | 0 | _aİstanbul Teknik Üniversitesi. | |
| 505 | _aEğitim ve öğretim kalitesiyle | ||
| 610 | 2 | 0 |
_aİstanbul Teknik Üniversitesi _972158 |
| 700 | 1 |
_aTürkeri, Nil _eeditor _9137042 |
|
| 700 | 1 |
_aÇalışlar, İzzeddin _9126558 |
|
| 942 |
_2lcc _cBK |
||